وسائل النقل في المستقبل / عبر الجو / (رقم التسجيلة. 139978)

تفاصيل مارك
000 -LEADER
fixed length control field 00599nam a22001817a 4500
005 - DATE AND TIME OF LATEST TRANSACTION
control field 20251108175702.0
008 - FIXED-LENGTH DATA ELEMENTS--GENERAL INFORMATION
fixed length control field 250721s2013 xx 000 0 ara d
082 14 - DEWEY DECIMAL CLASSIFICATION NUMBER
Classification number ط/387.7/بار
100 1# - MAIN ENTRY--PERSONAL NAME
Personal name باركر، ستيف
245 10 - TITLE STATEMENT
Title وسائل النقل في المستقبل / عبر الجو /
264 1# - PRODUCTION, PUBLICATION, DISTRIBUTION, MANUFACTURE, AND COPYRIGHT NOTICE
Place of production, publication, distribution, manufacture الرياض :
Name of producer, publisher, distributor, manufacturer مدينة الملك عبد العزير للعلوم والتقنية،
Date of production, publication, distribution, manufacture, or copyright notice 2013.
300 ## - PHYSICAL DESCRIPTION
Extent 32ص.
650 17 - SUBJECT ADDED ENTRY--TOPICAL TERM
Topical term or geographic name as entry element المواصلات
650 17 - SUBJECT ADDED ENTRY--TOPICAL TERM
Topical term or geographic name as entry element النقل الجوي
653 ## - INDEX TERM--UNCONTROLLED
Uncontrolled term ناشئون صغار (10-14) سنة
942 ## - ADDED ENTRY ELEMENTS (KOHA)
Source of classification or shelving scheme Dewey Decimal Classification
Koha item type كتب
المقتنيات
حالة السحب حالة الفقدان مصدر التصنيف حالة التلف غير قابل للإعارة المكتبة الرئيسية المكتبة الحالية موقع الرف تاريخ التزويد الرقم المتسلسل Total Checkouts رقم الإستدعاء الباركود تاريخ آخر ظهور تاريخ الفاتورة نوع المادة (كوها)
    Dewey Decimal Classification     المكتبة المركزية المكتبة المركزية الأطفال 28/07/2025 1711561   ط/387.7/بار PLD00452218 28/07/2025 28/07/2025 كتب
    Dewey Decimal Classification     مكتبة البشائر للأطفال مكتبة البشائر للأطفال الأطفال 11/10/2019 1711563   ط/387.7/بار PLD00471269 28/07/2025 11/10/2019 كتب
    Dewey Decimal Classification     مكتبة قتيبة للأطفال مكتبة قتيبة للأطفال الأطفال 11/10/2019 1711566   ط/387.7/بار PLD00471272 28/07/2025 11/10/2019 كتب
    Dewey Decimal Classification     مكتبة البراءة للأطفال مكتبة البراءة للأطفال الأطفال 11/10/2019 1711569   ط/387.7/بار PLD00471275 28/07/2025 11/10/2019 كتب
    Dewey Decimal Classification     مكتبة البيادر مكتبة البيادر الأطفال 11/10/2019 1711562   ط/387.7/بار PLD00471268 28/07/2025 11/10/2019 كتب
    Dewey Decimal Classification     مكتبة الراية الهاشمية للأطفال مكتبة الراية الهاشمية للأطفال الأطفال 11/10/2019 1711568   ط/387.7/بار PLD00471274 28/07/2025 11/10/2019 كتب
    Dewey Decimal Classification     مكتبة الياسمين للأطفال مكتبة الياسمين للأطفال الأطفال 11/10/2019 1711564   ط/387.7/بار PLD00471270 28/07/2025 11/10/2019 كتب
    Dewey Decimal Classification     مكتبة بدر للأطفال مكتبة بدر للأطفال الأطفال 11/10/2019 1711570   ط/387.7/بار PLD00471276 28/07/2025 11/10/2019 كتب
    Dewey Decimal Classification     مكتبة مرج الحمام مكتبة مرج الحمام الأطفال 11/10/2019 1711565   ط/387.7/بار PLD00471271 28/07/2025 11/10/2019 كتب
    Dewey Decimal Classification     مكتبةمؤتة مكتبةمؤتة الأطفال 11/10/2019 1711567   ط/387.7/بار PLD00471273 28/07/2025 11/10/2019 كتب
Implemented & Customized by: BBB with SCIT (Smart Chains for Information Technology)

Powered by Koha